The tie that binds : (Record no. 3201)

MARC details
000 -LEADER
fixed length control field 01132cam a22003014a 4500
001 - CONTROL NUMBER
control field 1212140
003 - CONTROL NUMBER IDENTIFIER
control field GBCCL
005 - DATE AND TIME OF LATEST TRANSACTION
control field 20241126110449.0
008 - FIXED-LENGTH DATA ELEMENTS--GENERAL INFORMATION
fixed length control field 990105s1999 mou 000 0 eng
010 ## -
-- 99011985
020 ## - INTERNATIONAL STANDARD BOOK NUMBER
International Standard Book Number 0570053390
040 ## - CATALOGING SOURCE
Original cataloging agency DLC
Transcribing agency DLC
Modifying agency DLC
042 ## -
-- pcc
050 00 -
-- BV4847
-- .B54 1999
082 00 - DEWEY DECIMAL CLASSIFICATION NUMBER
Classification number 242.643
Edition information 21
Item number BOF
100 1# - MAIN ENTRY--PERSONAL NAME
Personal name Boffo, Nancy Otto,
Dates associated with a name 1953-
9 (RLIN) 6618
245 14 - TITLE STATEMENT
Title The tie that binds :
Remainder of title meditations for mothers and daughters /
Statement of responsibility, etc. Nancy Otto Boffo & Linda Tomblin.
260 ## - PUBLICATION, DISTRIBUTION, ETC.
Place of publication, distribution, etc. St. Louis, MO :
Name of publisher, distributor, etc. Concordia Pub. House,
Date of publication, distribution, etc. c1999.
300 ## - PHYSICAL DESCRIPTION
Extent 268 p. ;
Dimensions 21 cm.
650 #0 - SUBJECT ADDED ENTRY--TOPICAL TERM
Topical term or geographic name entry element Mothers
Form subdivision Prayers and devotions.
9 (RLIN) 6619
650 #0 - SUBJECT ADDED ENTRY--TOPICAL TERM
Topical term or geographic name entry element Daughters
Form subdivision Prayers and devotions.
9 (RLIN) 6620
650 #0 - SUBJECT ADDED ENTRY--TOPICAL TERM
Topical term or geographic name entry element Christian women
Form subdivision Prayers and devotions.
9 (RLIN) 6621
700 1# - ADDED ENTRY--PERSONAL NAME
Personal name Tomblin, Linda,
Dates associated with a name 1941-
9 (RLIN) 6622
906 ## - LOCAL DATA ELEMENT F, LDF (RLIN)
a 7
b cbc
c orignew
d 1
e ocip
f 19
g y-gencatlg
942 ## - ADDED ENTRY ELEMENTS (KOHA)
Source of classification or shelving scheme Dewey Decimal Classification
Koha item type Books
Koha issues (borrowed), all copies 1
Holdings
Withdrawn status Lost status Source of classification or shelving scheme Damaged status Not for loan Home library Current Library Shelving location Date acquired Total checkouts Full call number Barcode Date last seen Copy number Price effective from Koha item type Date last checked out
    Dewey Decimal Classification     GRACE BIBLE COLLEGE GRACE BIBLE COLLEGE Ministry & Mission 2017-11-20   242.643 BOF 012054 2025-05-01 c.1 2017-11-20 Books  
    Dewey Decimal Classification     GRACE BIBLE COLLEGE GRACE BIBLE COLLEGE Ministry & Mission 2017-11-20   242.643 BOF 012055 2025-05-01 c.2 2017-11-20 Books  
    Dewey Decimal Classification     GRACE BIBLE COLLEGE GRACE BIBLE COLLEGE Ministry & Mission 2017-11-20   242.643 BOF 012056 2025-05-01 c.3 2017-11-20 Books  
    Dewey Decimal Classification     GRACE BIBLE COLLEGE GRACE BIBLE COLLEGE Ministry & Mission 2017-11-20   242.643 BOF 012057 2025-05-01 c.4 2017-11-20 Books  
    Dewey Decimal Classification     GRACE BIBLE COLLEGE GRACE BIBLE COLLEGE Ministry & Mission 2017-11-20   242.643 BOF 012059 2025-05-01 c.6 2017-11-20 Books  
    Dewey Decimal Classification     GRACE BIBLE COLLEGE GRACE BIBLE COLLEGE Ministry & Mission 2017-11-20   242.643 BOF 012062 2025-05-01 c.9 2017-11-20 Books  
    Dewey Decimal Classification     GRACE BIBLE COLLEGE GRACE BIBLE COLLEGE Ministry & Mission 2017-11-20   242.643 BOF 012063 2025-05-01 c.10 2017-11-20 Books  
    Dewey Decimal Classification     GRACE BIBLE COLLEGE GRACE BIBLE COLLEGE Ministry & Mission 2017-11-20   242.643 BOF 012064 2025-05-01 c.11 2017-11-20 Books  
    Dewey Decimal Classification     GRACE BIBLE COLLEGE GRACE BIBLE COLLEGE Ministry & Mission 2017-11-20   242.643 BOF 012065 2025-05-01 c.12 2017-11-20 Books  
    Dewey Decimal Classification     GRACE BIBLE COLLEGE GRACE BIBLE COLLEGE Ministry & Mission 2017-11-20 1 242.643 BOF 012066 2025-05-01 c.13 2017-11-20 Books 2024-03-11
    Dewey Decimal Classification     GRACE BIBLE COLLEGE GRACE BIBLE COLLEGE Ministry & Mission 2017-11-20   242.643 BOF 012058 2025-05-01 c.5 2017-11-20 Books  
    Dewey Decimal Classification     GRACE BIBLE COLLEGE GRACE BIBLE COLLEGE Ministry & Mission 2017-11-20   242.643 BOF 012060 2025-05-01 c.7 2017-11-20 Books  
    Dewey Decimal Classification     GRACE BIBLE COLLEGE GRACE BIBLE COLLEGE Ministry & Mission 2017-11-20   242.643 BOF 012061 2025-05-01 c.8 2017-11-20 Books  
© Grace Bible College Library 2025